| 000 | 00839nam a22002295a 4500 | ||
|---|---|---|---|
| 003 | OSt | ||
| 005 | 20161215142506.0 | ||
| 008 | 161215s2015 ua frb 000 0 ara d | ||
| 015 | _a2013/15109 | ||
| 020 | _a9789770473603 | ||
| 040 |
_aEG-ScBUE _bara _cEG-ScBUE |
||
| 082 | 0 | 4 |
_a342.0853 _bص ا ب _222 |
| 100 | 1 | _aصابر، دويب حسين. | |
| 245 | 1 | 2 |
_aالنظام القانوني لحرية الحصول على المعلومات : _bدراسة مقارنة / _cدويب حسين صابر. |
| 260 |
_aالقاهرة : _bدار النهضة العربية، _c2015. |
||
| 300 |
_a241 ص. ؛ _c24 سم. |
||
| 504 | _aيشتمل على إرجاعات ببليوجرافية. | ||
| 650 | 7 |
_aحرية المعلومات _xقوانين وتشريعات. _2BUEsh |
|
| 651 | _2BUEsh | ||
| 653 |
_bLLAAWW _cDecember2016 |
||
| 942 | _2ddc | ||
| 999 |
_c23587 _d23559 |
||